[Event "II Aberto do Brasil de Maringa id. fide 69253 id. 
[Site "Maringa - Parana - Brasil"]
[Date "2012.08.10"]
[Round "5"]
[Board "37"]
[White "CATHCART, Joice"]
[Black "GARKAUSKAS, Otto Dmitry"]
[Result "0-1"]
[WhiteElo "1853"]
[BlackElo "2060"]
[PlyCount "92"]
[EventDate "2012.08.08"]
[EventRounds "9"]
[EventCountry "BRA"]

1. e4 c5 2. d3 Nc6 3. g3 g6 4. Bg2 Bg7 5. Nf3 e5 6. O-O Nge7 7. c3 O-O 8. Be3
d6 9. Qd2 Be6 10. Na3 Qd7 11. Ng5 Rab8 12. Nc2 f5 13. Bh3 Bf6 14. Rfe1 Bxg5 15.
Bxg5 f4 16. Bg2 Bh3 17. Bh1 Qg4 18. Bxe7 Nxe7 19. Qe2 f3 20. Qd2 Rf6 21. Ne3
Qh5 22. d4 g5 23. dxe5 dxe5 24. Nd5 Re6 25. Qd1 Bg4 26. Re3 Rf8 27. h3 Qxh3 28.
Bxf3 Rh6 29. Nxe7+ Kh8 30. Nf5 Bxf3 31. Qxf3 Qh2+ 32. Kf1 Qh1+ 33. Qxh1 Rxh1+
34. Ke2 Rxa1 35. Rd3 Rxa2 36. Rd2 a5 37. Ne3 a4 38. Nc4 b5 39. Nxe5 b4 40. cxb4
cxb4 41. Nc4 Rc8 42. Kd3 Rd8+ 43. Kc2 Rxd2+ 44. Kxd2 Rxb2+ 45. Nxb2 a3 46. Kc2
a2 0-1

[Event "II Aberto do Brasil de Maringa id. fide 69253 id. 
[Site "Maringa - Parana - Brasil"]
[Date "2012.08.10"]
[Round "5"]
[Board "38"]
[White "CATHCART, Jessica"]
[Black "COSTA, Paulo Cesar"]
[Result "0-1"]
[WhiteElo "1827"]
[BlackElo "2060"]
[PlyCount "120"]
[EventDate "2012.08.08"]
[EventRounds "9"]
[EventCountry "BRA"]

1. e4 e6 2. d3 c5 3. Nd2 Nc6 4. Ngf3 d6 5. g3 g6 6. Bg2 Bg7 7. O-O Nge7 8. c3
O-O 9. Re1 Rb8 10. Nf1 b5 11. Bf4 e5 12. Be3 Bg4 13. Qd2 b4 14. h4 bxc3 15.
bxc3 Qa5 16. Reb1 Rb6 17. Qc2 Rfb8 18. N1d2 Rxb1+ 19. Rxb1 Rxb1+ 20. Nxb1 Be6
21. a3 Qb6 22. Nbd2 h6 23. Kh2 Qa6 24. Bh3 f5 25. Bf1 Qxa3 26. Nb1 Qa2 27. Qxa2
Bxa2 28. Na3 a6 29. Nd2 Na5 30. Be2 Be6 31. Bd1 Kf7 32. f4 exf4 33. Bxf4 Bxc3
34. Bxh6 Nec6 35. Nf3 Ne5 36. Ng5+ Ke7 37. Nxe6 Kxe6 38. Be2 Nac6 39. exf5+
Kxf5 40. Bf8 Ke6 41. d4 cxd4 42. Bxa6 d3 43. Bxd3 Nxd3 44. Nc4 d5 45. Ne3 d4
46. Nc2 Kf7 47. Bh6 Nde5 48. Kg2 d3 49. Ne3 Bd2 50. Kf2 Bxe3+ 51. Bxe3 Ng4+ 52.
Kf3 Nce5+ 53. Ke4 Nxe3 54. Kxe3 Kf6 55. g4 Nxg4+ 56. Kxd3 Kf5 57. Ke2 Kf4 58.
Kf1 Kg3 59. h5 gxh5 60. Kg1 h4 0-1

[Event "II Aberto do Brasil de Maringa id. fide 69253 id. 
[Site "Maringa - Parana - Brasil"]
[Date "2012.08.10"]
[Round "5"]
[Board "39"]
[White "ANDRADE FIAES, Mario Henrique"]
[Black "THEREZO, Gustavo"]
[Result "0-1"]
[WhiteElo "2056"]
[BlackElo "1826"]
[PlyCount "62"]
[EventDate "2012.08.08"]
[EventRounds "9"]
[EventCountry "BRA"]

1. e4 c5 2. Nf3 d6 3. d4 cxd4 4. Nxd4 Nf6 5. Nc3 a6 6. Bg5 Nbd7 7. f4 Qc7 8.
Qf3 e6 9. O-O-O b5 10. Bd3 Bb7 11. Rhe1 b4 12. Nce2 Nc5 13. Bxf6 gxf6 14. Kb1
f5 15. Ng3 O-O-O 16. Qe2 Bg7 17. Nb3 Na4 18. e5 dxe5 19. fxe5 Rd5 20. Bxa6 Rxe5
21. Bxb7+ Kxb7 22. Qf3+ Kb8 23. Ne2 Nxb2 24. Rd4 Nc4 25. Qd3 Rc8 26. c3 bxc3
27. Rd7 Na3+ 28. Ka1 Rxe2 29. Rb1 c2+ 30. Rb2 c1=Q+ 31. Nxc1+ Bxb2# 0-1

[Event "II Aberto do Brasil de Maringa id. fide 69253 id. 
[Site "Maringa - Parana - Brasil"]
[Date "2012.08.10"]
[Round "5"]
[Board "40"]
[White "LUKACHEWSKI JUNIOR, Wanderley"]
[Black "PASTANA, Rafael Pedroni"]
[Result "1-0"]
[WhiteElo "2050"]
[BlackElo "1724"]
[PlyCount "97"]
[EventDate "2012.08.08"]
[EventRounds "9"]
[EventCountry "BRA"]

1. e4 c5 2. Nf3 Nc6 3. d4 cxd4 4. Nxd4 Nf6 5. Nc3 e5 6. Ndb5 d6 7. Bg5 a6 8.
Na3 b5 9. Bxf6 gxf6 10. Nd5 f5 11. Bd3 Be6 12. O-O Bxd5 13. exd5 Ne7 14. c3 Bg7
15. Qh5 Qd7 16. Rad1 h6 17. Nc2 e4 18. Be2 Ng6 19. g3 O-O 20. Ne3 Ne7 21. Rfe1
Qd8 22. Nxf5 Nxf5 23. Qxf5 Re8 24. Bh5 Qf6 25. Qg4 Qg5 26. Re3 Re5 27. Qxg5
hxg5 28. Rd4 f5 29. g4 f4 30. Rexe4 Rxe4 31. Rxe4 Be5 32. Bg6 Rc8 33. Bf5 Rc5
34. Kf1 Kf8 35. Be6 Ke7 36. Ke1 Kf6 37. f3 Rc7 38. Kf1 Rc5 39. a4 Ke7 40. Rb4
Kd8 41. axb5 Rxb5 42. Rxb5 axb5 43. h4 gxh4 44. g5 Ke7 45. Kg2 Kf8 46. Kh3 Kg7
47. Kxh4 Kg6 48. Kg4 Kg7 49. Bd7 1-0

[Event "II Aberto do Brasil de Maringa id. fide 69253 id. 
[Site "Maringa - Parana - Brasil"]
[Date "2012.08.11"]
[Round "6"]
[Board "2"]
[White "MARECO, Sandro"]
[Black "DELGADO, Lidio Dias"]
[Result "1/2-1/2"]
[WhiteElo "2589"]
[BlackElo "2285"]
[PlyCount "55"]
[EventDate "2012.08.08"]
[EventRounds "9"]
[EventCountry "BRA"]

1. Nf3 Nf6 2. c4 e6 3. g3 d5 4. Bg2 Be7 5. O-O O-O 6. d4 dxc4 7. Qc2 a6 8. Qxc4
b5 9. Qc2 Bb7 10. Bd2 Be4 11. Qc1 Nbd7 12. Ba5 Ra7 13. Qe3 Ba8 14. Rc1 Qb8 15.
b4 Bd6 16. Nbd2 Re8 17. Qb3 h6 18. Rc3 e5 19. Rac1 e4 20. Nh4 Nd5 21. R3c2 N7f6
22. Nf5 Bf8 23. Nf1 Qd8 24. Qb2 g6 25. N5e3 Qd7 26. Nxd5 Nxd5 27. e3 Bd6 28.
Nd2 1/2-1/2

[Event "II Aberto do Brasil de Maringa id. fide 69253 id. 
[Site "Maringa - Parana - Brasil"]
[Date "2012.08.11"]
[Round "6"]
[Board "3"]
[White "UMETSUBO, Cesar Hidemitsu"]
[Black "TSUBOI, Edson Kenji"]
[Result "1/2-1/2"]
[WhiteElo "2236"]
[BlackElo "2308"]
[PlyCount "50"]
[EventDate "2012.08.08"]
[EventRounds "9"]
[EventCountry "BRA"]

1. d4 Nf6 2. Nc3 d5 3. Bg5 e6 4. e4 dxe4 5. Nxe4 Be7 6. Bxf6 Bxf6 7. Nf3 Nd7 8.
Bd3 c5 9. O-O cxd4 10. Qe2 Be7 11. Nxd4 O-O 12. Rad1 a6 13. c3 Qc7 14. Bc2 Nf6
15. Rfe1 Nxe4 16. Qxe4 g6 17. Nf3 Bd7 18. Ne5 Rad8 19. Nxd7 Rxd7 20. g3 Rfd8
21. a3 h5 22. Rxd7 Rxd7 23. Rd1 Rxd1+ 24. Bxd1 $11 Kg7 25. c4 a5 1/2-1/2

[Event "II Aberto do Brasil de Maringa id. fide 69253 id. 
[Site "Maringa - Parana - Brasil"]
[Date "2012.08.11"]
[Round "6"]
[Board "5"]
[White "CHEMIN, Justo Reinaldo"]
[Black "MATSUURA, Everaldo"]
[Result "0-1"]
[WhiteElo "2153"]
[BlackElo "2487"]
[PlyCount "112"]
[EventDate "2012.08.08"]
[EventRounds "9"]
[EventCountry "BRA"]

1. d4 d5 2. c4 e5 3. dxe5 d4 4. Nf3 Nc6 5. g3 Bf5 6. a3 Qd7 7. Bg2 d3 8. Nc3
O-O-O 9. Nh4 Bh3 10. Qxd3 Nd4 11. Bg5 Be7 12. Bxe7 Nxe7 13. O-O g5 14. Nd5 Nec6
15. Nf3 Bxg2 16. Kxg2 Nxf3 17. Qxf3 Nxe5 18. Qc3 Rhe8 19. Kg1 Qc6 20. Rac1 Kb8
21. Ne3 Qe6 22. Rfd1 f5 23. Rxd8+ Rxd8 24. Qc2 f4 25. Qf5 Qxf5 26. Nxf5 Rd2 27.
gxf4 gxf4 28. Kf1 Rxb2 29. Rd1 b6 30. Rd4 f3 31. exf3 Nxf3 32. Rd8+ Kb7 33. Kg2
Ne5 34. Ne3 Ra2 35. Rd5 Ng6 36. Rd7 Rxa3 37. Rxh7 a5 38. h4 a4 39. h5 Nh4+ 40.
Kg3 Nf5+ 41. Kf4 Nxe3 42. fxe3 Rc3 43. h6 Rxc4+ 44. e4 Rc1 45. Rd7 Rh1 46. Kg5
a3 47. Rd2 b5 48. e5 b4 49. e6 b3 50. e7 b2 51. e8=Q b1=Q 52. Rd8 Qg1+ 53. Kf5
Qb1+ 54. Kg5 Qc1+ 55. Kf5 Qc2+ 56. Kg5 Qg2+ 0-1

[Event "II Aberto do Brasil de Maringa id. fide 69253 id. 
[Site "Maringa - Parana - Brasil"]
[Date "2012.08.11"]
[Round "6"]
[Board "6"]
[White "UTIYAMA, Marcel Heimar Ribeiro"]
[Black "ABDALLA, Luiz Guilherme Aurelli"]
[Result "1-0"]
[WhiteElo "2126"]
[BlackElo "2338"]
[PlyCount "55"]
[EventDate "2012.08.08"]
[EventRounds "9"]
[EventCountry "BRA"]

1. e4 c5 2. Nf3 e6 3. d4 cxd4 4. Nxd4 Nf6 5. Nc3 d6 6. Bc4 Nc6 7. Be3 a6 8. Bb3
Be7 9. Qe2 Na5 10. O-O-O Nxb3+ 11. axb3 Qc7 12. g4 b5 13. g5 Nd7 14. f4 Bb7 15.
f5 e5 16. Nf3 Nc5 17. Bxc5 Qxc5 18. Nd5 a5 19. f6 gxf6 20. gxf6 Bd8 21. Rhg1 b4
22. Rg7 Rf8 23. Ng5 a4 24. Ne6 Qa5 25. Nxf8 a3 26. Qg4 axb2+ 27. Kd2 Qb5 28.
Rg8 1-0

[Event "II Aberto do Brasil de Maringa id. fide 69253 id. 
[Site "Maringa - Parana - Brasil"]
[Date "2012.08.11"]
[Round "6"]
[Board "8"]
[White "GONCALVES, Ivan Mesquita V"]
[Black "BARRETO FILHO, Carlos Alberto"]
[Result "1/2-1/2"]
[WhiteElo "2116"]
[BlackElo "2279"]
[PlyCount "51"]
[EventDate "2012.08.08"]
[EventRounds "9"]
[EventCountry "BRA"]

1. Nf3 d6 2. d4 g6 3. Bf4 Bg7 4. e3 Nf6 5. h3 O-O 6. Be2 b6 7. O-O Bb7 8. Nbd2
Nbd7 9. c3 e6 10. Bh2 Qe7 11. a4 a5 12. b4 e5 13. bxa5 bxa5 14. Rb1 Ra7 15. Nc4
e4 16. Nfd2 Bc6 17. Na3 Nd5 18. Qc2 N7b6 19. Nb5 Rb7 20. c4 Nb4 21. Qb3 Kh8 22.
Qa3 Nc2 23. Qb3 Nb4 24. Qa3 Nc2 25. Qb3 Nb4 26. Qa3 1/2-1/2

[Event "II Aberto do Brasil de Maringa id. fide 69253 id. 
[Site "Maringa - Parana - Brasil"]
[Date "2012.08.11"]
[Round "6"]
[Board "9"]
[White "DE ANDRADE, Osvaldo Cezar G"]
[Black "GONZALEZ, Bolivar Ribeiro"]
[Result "0-1"]
[WhiteElo "2110"]
[BlackElo "2257"]
[PlyCount "72"]
[EventDate "2012.08.08"]
[EventRounds "9"]
[EventCountry "BRA"]

1. e4 c5 2. Nf3 d6 3. d4 cxd4 4. Nxd4 Nf6 5. Nc3 a6 6. Bg5 e6 7. f4 Qb6 8. Nb3
h6 9. Bxf6 gxf6 10. Qf3 h5 11. g3 Nc6 12. O-O-O Bd7 13. Bh3 O-O-O 14. Kb1 Kb8
15. Rhe1 Be7 16. Rd2 Nb4 17. a3 Nc6 18. Ka1 Na5 19. Nxa5 Qxa5 20. Kb1 Rc8 21.
Red1 Rc7 22. Rd3 h4 23. gxh4 Rxh4 24. f5 Qe5 25. Qg2 Rh8 26. R1d2 Rhc8 27. Qf3
Rc5 28. Rf2 Bc6 29. fxe6 fxe6 30. Qg4 f5 31. exf5 Rxc3 32. Re2 exf5 33. Rxc3
fxg4 34. Rxe5 dxe5 35. Bxg4 Rg8 36. h3 e4 0-1

[Event "II Aberto do Brasil de Maringa id. fide 69253 id. 
[Site "Maringa - Parana - Brasil"]
[Date "2012.08.11"]
[Round "6"]
[Board "12"]
[White "GONCALVES, Jorge Roberto"]
[Black "VILLALBA, Marcelo"]
[Result "1-0"]
[WhiteElo "2057"]
[BlackElo "2243"]
[PlyCount "59"]
[EventDate "2012.08.08"]
[EventRounds "9"]
[EventCountry "BRA"]

1. d4 Nf6 2. Nf3 e6 3. Bg5 d5 4. e3 Nbd7 5. Bd3 b6 6. Ne5 c6 7. Nxc6 Qc7 8. Ne5
Nxe5 9. dxe5 Qxe5 10. Bxf6 gxf6 11. Bb5+ $11 Bd7 12. Bxd7+ Kxd7 13. c3 Rg8 14.
O-O Bd6 15. g3 Rg6 16. Qa4+ Kc7 17. Nd2 a5 18. Nf3 Qe4 19. Nd4 Kb8 20. Qe8+ Ka7
21. Qd7+ Ka6 22. Qxd6 Rag8 23. b4 Qh4 24. b5+ Kb7 25. Qc6+ Kb8 26. Qxb6+ Ka8
27. Qc6+ Kb8 28. Qd6+ Ka8 29. b6 e5 30. Qc6+ 1-0

[Event "II Aberto do Brasil de Maringa id. fide 69253 id. 
[Site "Maringa - Parana - Brasil"]
[Date "2012.08.11"]
[Round "6"]
[Board "15"]
[White "MOREIRA, Ronaldo Alonso"]
[Black "MARQUES, Joao Paulo Cassemiro"]
[Result "0-1"]
[WhiteElo "2022"]
[BlackElo "2205"]
[PlyCount "26"]
[EventDate "2012.08.08"]
[EventRounds "9"]
[EventCountry "BRA"]

1. d4 f5 2. e4 fxe4 3. Nc3 Nf6 4. Bg5 c6 5. Bxf6 exf6 6. Nxe4 Qb6 7. Qh5+ g6 8.
Nxf6+ Kd8 9. Qd1 Qb4+ 10. c3 Qe7+ 11. Be2 Qxf6 12. Nf3 d6 13. O-O Bh6 0-1

[Event "II Aberto do Brasil de Maringa id. fide 69253 id. 
[Site "Maringa - Parana - Brasil"]
[Date "2012.08.11"]
[Round "6"]
[Board "16"]
[White "BRODAY, Geovani Allan"]
[Black "OSIPI, Jair"]
[Result "1/2-1/2"]
[WhiteElo "1899"]
[BlackElo "2204"]
[PlyCount "70"]
[EventDate "2012.08.08"]
[EventRounds "9"]
[EventCountry "BRA"]

1. e4 c5 2. Nf3 Nc6 3. d4 cxd4 4. Nxd4 Nf6 5. Nc3 e5 6. Ndb5 d6 7. Bg5 a6 8.
Na3 b5 9. Nd5 Be7 10. Bxf6 Bxf6 11. c4 b4 12. Nc2 a5 13. g3 O-O 14. Bg2 Bg5 15.
O-O Be6 16. b3 Bxd5 17. Qxd5 Qb6 18. Rfd1 Rfd8 19. h4 Bh6 20. Rd3 a4 21. Qb5
Qc7 22. Nxb4 Nd4 23. Rxd4 exd4 24. Nc6 Rdc8 25. Nxd4 axb3 26. Qxb3 Rab8 27. Nb5
Qxc4 28. Qxc4 Rxc4 29. Nxd6 Rc2 30. Nf5 Bd2 31. Nd4 Bc3 32. Nxc2 Bxa1 33. Bf1
Bc3 34. Bc4 $11 Rb2 35. Bb3 Kf8 1/2-1/2

[Event "II Aberto do Brasil de Maringa id. fide 69253 id. 
[Site "Maringa - Parana - Brasil"]
[Date "2012.08.11"]
[Round "6"]
[Board "18"]
[White "GARKAUSKAS, Otto Dmitry"]
[Black "MOLINA, Roberto Junio Brito"]
[Result "0-1"]
[WhiteElo "2060"]
[BlackElo "2423"]
[PlyCount "54"]
[EventDate "2012.08.08"]
[EventRounds "9"]
[EventCountry "BRA"]

1. d4 Nf6 2. c4 e6 3. Nc3 Bb4 4. e3 c5 5. Nge2 cxd4 6. exd4 d5 7. a3 Be7 8.
cxd5 Nxd5 9. g3 O-O 10. Bg2 Nxc3 11. Nxc3 Bf6 12. Be3 Nc6 13. Bxc6 bxc6 14. O-O
Qa5 15. Ne4 Be7 16. Nc5 Qb5 17. Qc2 a5 18. b3 Rd8 19. Rfc1 Bf6 20. Qe4 Rd5 21.
Rc3 h6 22. Rac1 e5 23. a4 Qe2 24. dxe5 Bh3 25. Nd3 Rad8 26. Re1 Rxd3 27. Rcc1
Rxe3 0-1

[Event "II Aberto do Brasil de Maringa id. fide 69253 id. 
[Site "Maringa - Parana - Brasil"]
[Date "2012.08.11"]
[Round "6"]
[Board "20"]
[White "BUENO, Alfeu Junior Varela"]
[Black "MENDONCA CAMPELO, Higor Carlos"]
[Result "1-0"]
[WhiteElo "2288"]
[BlackElo "2041"]
[PlyCount "51"]
[EventDate "2012.08.08"]
[EventRounds "9"]
[EventCountry "BRA"]

1. e4 e6 2. d4 d5 3. Nd2 Nf6 4. e5 Nfd7 5. Bd3 c5 6. c3 Nc6 7. Ne2 cxd4 8. cxd4
f6 9. exf6 Nxf6 10. Nf3 Bd6 11. O-O Qc7 12. Bg5 O-O 13. Bh4 Nh5 14. Bg3 a6 15.
Qc2 h6 16. Bh7+ Kh8 17. Bxd6 Qxd6 18. Nh4 Ne7 19. Rac1 Bd7 20. Qc7 Qxc7 21.
Rxc7 Bb5 22. Bb1 Kg8 23. Rxe7 Bxe2 24. Re1 Rac8 25. Ng6 Rf7 26. Rxe6 1-0

[Event "II Aberto do Brasil de Maringa id. fide 69253 id. 
[Site "Maringa - Parana - Brasil"]
[Date "2012.08.11"]
[Round "6"]
[Board "22"]
[White "COSTA, Paulo Cesar"]
[Black "DIAS, Anderson Tatsch"]
[Result "1/2-1/2"]
[WhiteElo "2060"]
[BlackElo "2243"]
[PlyCount "93"]
[EventDate "2012.08.08"]
[EventRounds "9"]
[EventCountry "BRA"]

1. Nf3 d5 2. d4 Nf6 3. c4 e6 4. Bg5 Nbd7 5. e3 c6 6. cxd5 exd5 7. Bd3 Be7 8.
O-O O-O 9. Nc3 Re8 10. Qc2 Nf8 11. Rab1 a5 12. a3 g6 13. b4 axb4 14. axb4 Ne6
15. Bh4 Ng7 16. b5 Bf5 17. bxc6 bxc6 18. Rfd1 Bxd3 19. Qxd3 Nf5 20. Bxf6 Bxf6
21. Ne2 Qd6 22. Ng3 Ne7 23. Ne2 Ra3 24. Rb3 Rea8 25. Rxa3 Rxa3 26. Qc2 Kg7 27.
g3 Qc7 28. Qd2 Qc8 29. Kg2 h5 30. h4 Qa8 31. Rc1 Qa6 32. Nf4 Ra2 33. Rc2 Ra3
34. Rc3 Ra1 35. Rc1 Ra4 36. Qd3 Qa8 37. Qd1 Nf5 38. Qd2 Qa6 39. Qd3 Qa8 40. Qd2
Ra2 41. Rc2 Ra3 42. Rc3 Ra2 43. Rc2 Ra3 44. Rc3 Qa5 45. Rxa3 Qxa3 46. Qd3 Qxd3
47. Nxd3 1/2-1/2

[Event "II Aberto do Brasil de Maringa id. fide 69253 id. 
[Site "Maringa - Parana - Brasil"]
[Date "2012.08.11"]
[Round "6"]
[Board "23"]
[White "BRANCO, Guilherme Paulino"]
[Black "QUINTILIANO PINTO, Renato R"]
[Result "0-1"]
[WhiteElo "2017"]
[BlackElo "2238"]
[PlyCount "66"]
[EventDate "2012.08.08"]
[EventRounds "9"]
[EventCountry "BRA"]

1. e4 c5 2. g3 g6 3. Bg2 Bg7 4. f4 Nc6 5. Nf3 d6 6. c3 e5 7. d3 Nge7 8. O-O O-O
9. Na3 Rb8 10. Be3 b6 11. Nc2 f5 12. Ng5 h6 13. Nh3 Be6 14. Kh1 Qd7 15. Nf2
Rbd8 16. Qe2 Rfe8 17. Rad1 d5 18. fxe5 d4 19. cxd4 cxd4 20. exf5 Nxf5 21. Bd2
Nxe5 22. b3 Kh7 23. Rc1 Bd5 24. Ne4 a5 25. Na3 Qb7 26. Rfe1 Nd6 27. Nxd6 Rxd6
28. Nc4 Nxc4 29. Qxe8 Bxg2+ 30. Kg1 Bh3 31. Qe2 Re6 32. Qf2 Ne3 33. g4 Rf6 0-1

[Event "II Aberto do Brasil de Maringa id. fide 69253 id. 
[Site "Maringa - Parana - Brasil"]
[Date "2012.08.11"]
[Round "6"]
[Board "24"]
[White "RIOS FILHO, Hilton Carlos"]
[Black "GUIMARAES, Artemis Pamela"]
[Result "1-0"]
[WhiteElo "2212"]
[BlackElo "1996"]
[PlyCount "64"]
[EventDate "2012.08.08"]
[EventRounds "9"]
[EventCountry "BRA"]

1. d4 Nf6 2. c4 e6 3. g3 d5 4. Bg2 Bb4+ 5. Nd2 O-O 6. Ngf3 dxc4 7. Qc2 c5 8.
Qxc4 Nc6 9. dxc5 Qe7 10. a3 Bxc5 11. b4 Bd6 12. Bb2 a6 13. Rd1 e5 14. Qc2 h6
15. O-O Bg4 16. Nc4 Bc7 17. Ne3 Bh5 18. Qb1 Rfd8 19. Bc3 Bb6 20. Nc4 Bd4 21.
Bb2 Rac8 22. Rc1 e4 23. Nxd4 Nxd4 24. Bxd4 Rxd4 25. Ne3 Rxc1 26. Qxc1 Qd7 27.
Re1 Rd2 28. g4 Bg6 29. Qc3 Rd6 30. Bf1 Nd5 31. Nxd5 Rxd5 32. h4 {Ilegivel.
ConcluÃ­da no lance 154.} Rd1 1-0

[Event "II Aberto do Brasil de Maringa id. fide 69253 id. 
[Site "Maringa - Parana - Brasil"]
[Date "2012.08.11"]
[Round "6"]
[Board "27"]
[White "THEREZO, Gustavo"]
[Black "ZALLIO, Luciano Souza"]
[Result "1/2-1/2"]
[WhiteElo "1826"]
[BlackElo "2138"]
[PlyCount "74"]
[EventDate "2012.08.08"]
[EventRounds "9"]
[EventCountry "BRA"]

1. e4 e6 2. d3 d5 3. Nd2 Nf6 4. Ngf3 c5 5. g3 Be7 6. Bg2 Nc6 7. O-O O-O 8. Re1
Qc7 9. c3 Re8 10. Qc2 b6 11. Nf1 dxe4 12. dxe4 Bb7 13. Ng5 h6 14. Nh3 Rad8 15.
f4 Ba6 16. Nf2 Bb7 17. e5 Nd5 18. Ne4 f5 19. exf6 Nxf6 20. Bh3 e5 21. Be6+ Kh8
22. f5 Nxe4 23. Qxe4 Nd4 24. Qg4 Qc6 25. Qh3 Nf3+ 26. Kf2 Ng5 27. Bxg5 Qf3+ 28.
Kg1 Bxg5 29. Rxe5 Rd2 30. Nxd2 Qh1+ 31. Kf2 Qxa1 32. Nc4 Qh1 33. Qh5 Qg2+ 34.
Ke1 Rd8 35. Bd7 Qh1+ 36. Ke2 Qg2+ 37. Ke1 Qg1+ 1/2-1/2

[Event "II Aberto do Brasil de Maringa id. fide 69253 id. 
[Site "Maringa - Parana - Brasil"]
[Date "2012.08.11"]
[Round "6"]
[Board "28"]
[White "ICHIMURA G  BARBOSA, Larissa Yuki"]
[Black "DEUS FILHO, Joaquim De"]
[Result "0-1"]
[WhiteElo "1709"]
[BlackElo "2116"]
[PlyCount "68"]
[EventDate "2012.08.08"]
[EventRounds "9"]
[EventCountry "BRA"]

1. e4 c5 2. c3 Qa5 3. Nf3 d6 4. Bd3 e5 5. Bc4 h6 6. O-O Nf6 7. Re1 b5 8. Bb3 c4
9. Bc2 Be7 10. d4 cxd3 11. Bxd3 O-O 12. Nbd2 a6 13. Nf1 Be6 14. Ng3 Ra7 15. Be3
Rd7 16. h3 Qc7 17. Qe2 d5 18. Qc2 Nc6 19. Rad1 Rfd8 20. exd5 Nxd5 21. Be2 Nxe3
22. fxe3 Bc5 23. Rxd7 Rxd7 24. Kh1 g6 25. Bd1 f5 26. e4 f4 27. Ne2 g5 28. Nc1
Qd8 29. Nb3 Bb6 30. Nh2 a5 31. Nf1 a4 32. Nc1 g4 33. hxg4 Qh4+ 34. Nh2 Qxe1+
0-1

[Event "II Aberto do Brasil de Maringa id. fide 69253 id. 
[Site "Maringa - Parana - Brasil"]
[Date "2012.08.11"]
[Round "6"]
[Board "29"]
[White "RIBEIRO , Allysson"]
[Black "RIBEIRO, Sheridan Luiz Telles"]
[Result "1-0"]
[WhiteElo "1800"]
[BlackElo "2064"]
[PlyCount "118"]
[EventDate "2012.08.08"]
[EventRounds "9"]
[EventCountry "BRA"]

1. d4 Nf6 2. Nf3 e6 3. c4 b6 4. Bf4 Bb7 5. h3 Bb4+ 6. Nc3 O-O 7. e3 Ne4 8. Qc2
d6 9. Bd3 f5 10. O-O Bxc3 11. bxc3 Nd7 12. Nd2 Nxd2 13. Qxd2 e5 14. Bh2 Qg5 15.
f4 exf4 16. Rxf4 Rae8 17. d5 Nc5 18. Raf1 Bc8 19. Bc2 Qe7 20. Re1 Bd7 21. Kh1
h6 22. Bg1 Qg5 23. Ref1 Ne4 24. Bxe4 Rxe4 25. Rxe4 fxe4 26. Rxf8+ Kxf8 27. Qf2+
Qf6 28. Qxf6+ $11 gxf6 29. Kh2 Ba4 30. Kg3 Bc2 31. Kf4 Bd3 32. a3 Bxc4 33. Kxe4
f5+ 34. Kxf5 Bxd5 35. e4 Bb7 36. h4 Kf7 37. g3 Bc8+ 38. Kf4 h5 39. Ke3 Ke6 40.
Kd3 c5 41. Bh2 Bd7 42. g4 hxg4 43. h5 Be8 44. h6 Bg6 45. Ke3 b5 46. Bg3 a5 47.
Be1 d5 48. exd5+ Kxd5 49. Kd2 Kc4 50. Bf2 Bh7 51. Be3 Kd5 52. Kc1 c4 53. Kd2
Ke4 54. Ke2 g3 55. Bb6 a4 56. Kf1 Kf3 57. Kg1 b4 58. cxb4 c3 59. Bd4 c2 1-0

[Event "II Aberto do Brasil de Maringa id. fide 69253 id. 
[Site "Maringa - Parana - Brasil"]
[Date "2012.08.11"]
[Round "6"]
[Board "30"]
[White "CHEMIN, Vitorio"]
[Black "RAMILLO, Vitoria Matheus"]
[Result "1-0"]
[WhiteElo "2205"]
[BlackElo "1794"]
[PlyCount "111"]
[EventDate "2012.08.08"]
[EventRounds "9"]
[EventCountry "BRA"]

1. d4 Nf6 2. Nf3 g6 3. Bf4 Bg7 4. Nc3 d6 5. e4 O-O 6. Be2 c6 7. O-O Bg4 8. h3
Bxf3 9. Bxf3 Nbd7 10. e5 dxe5 11. dxe5 Ne8 12. Re1 Nc7 13. Bg4 Nc5 14. Qxd8
Rfxd8 15. Bg5 Bf8 16. Rad1 N5e6 17. Be3 c5 18. Bf3 Rab8 19. Nd5 b6 20. c4 Ne8
21. Rd2 h5 22. g4 hxg4 23. hxg4 Rd7 24. Be4 Bg7 25. f4 Bh6 26. Rh2 Bg7 27. Kf2
g5 28. f5 Bxe5 29. fxe6 fxe6 30. Rh5 exd5 31. Bxd5+ Rxd5 32. Rxg5+ Kf7 33. cxd5
Bf6 34. Rf5 Nd6 35. Rf3 Kg7 36. Bf4 Rd8 37. Re6 Nf7 38. g5 Bd4+ 39. Kg3 Rd7 40.
b3 Nd8 41. Be5+ Bxe5+ 42. Rxe5 Kg6 43. Kg4 Nf7 44. Re6+ Kg7 45. Kh5 Nh8 46. Rf5
Nf7 47. g6 Nh6 48. Rfe5 Ng8 49. Kg5 Rc7 50. Rf5 Nh6 51. Rf2 Rd7 52. Re5 Rc7 53.
Rh2 Ng8 54. Rh7+ Kf8 55. d6 Rd7 56. Rf5+ 1-0

[Event "II Aberto do Brasil de Maringa id. fide 69253 id. 
[Site "Maringa - Parana - Brasil"]
[Date "2012.08.11"]
[Round "6"]
[Board "31"]
[White "SZTOKBANT, Bernardo Vainzoff"]
[Black "SANTOS, Otavio Belegarde Dos"]
[Result "1/2-1/2"]
[WhiteElo "2065"]
[BlackElo "1822"]
[PlyCount "54"]
[EventDate "2012.08.08"]
[EventRounds "9"]
[EventCountry "BRA"]

1. e4 e6 2. d3 d5 3. Nd2 Nf6 4. Ngf3 c5 5. g3 b6 6. Bg2 Bb7 7. Qe2 Be7 8. O-O
O-O 9. e5 Nfd7 10. Re1 Nc6 11. c3 Qc7 12. Nf1 Rac8 13. h4 Ba6 14. Bf4 Rfe8 15.
N1h2 Nf8 16. Ng5 h6 17. Qh5 hxg5 18. hxg5 Bxd3 19. Ng4 Bg6 20. Qh2 Nh7 21. Nf6+
Nxf6 22. gxf6 Bf8 23. Bf3 Qd8 24. Kg2 gxf6 25. Rh1 Bg7 26. Bh6 Bh8 27. Bg5 Bg7
1/2-1/2

[Event "II Aberto do Brasil de Maringa id. fide 69253 id. 
[Site "Maringa - Parana - Brasil"]
[Date "2012.08.11"]
[Round "6"]
[Board "32"]
[White "CUSTODIO, Leandro"]
[Black "DIBAI, Jerry"]
[Result "0-1"]
[WhiteElo "2014"]
[BlackElo "1790"]
[PlyCount "85"]
[EventDate "2012.08.08"]
[EventRounds "9"]
[EventCountry "BRA"]

1. d4 Nf6 2. Nf3 g6 3. Nc3 d5 4. Bf4 Bg7 5. e3 O-O 6. Be2 c5 7. Bxb8 Rxb8 8.
Ne5 cxd4 9. exd4 Qa5 10. O-O Nd7 11. f4 Nxe5 12. fxe5 f6 13. Bf3 Be6 14. exf6
Bxf6 15. Re1 Bf7 16. Kh1 Rbd8 17. Ne2 e5 18. c3 e4 19. Bg4 h5 20. Bh3 g5 21. g3
Qb6 22. Qb3 Rd6 23. Nc1 Kg7 24. Re2 g4 25. Qxb6 Rxb6 26. Bg2 Be8 27. a4 Bg5 28.
a5 Rbf6 29. Nb3 Bb5 30. Ree1 b6 31. axb6 axb6 32. Ra7+ Kg6 33. Rb7 Bc4 34. Nc1
Bd2 35. Rg1 e3 36. Re7 Bxc1 37. Rxc1 e2 38. Rg1 Rf1 39. Re6+ R8f6 40. Bxf1
exf1=Q 41. Rxf1 Bxf1 42. Re1 Bd3 43. Kg2 {Ilegivel Finalizada no lance 70.} 0-1

[Event "II Aberto do Brasil de Maringa id. fide 69253 id. 
[Site "Maringa - Parana - Brasil"]
[Date "2012.08.11"]
[Round "6"]
[Board "33"]
[White "CHANG, Suzana"]
[Black "OKAWATI, Gabriel Akira Andrade"]
[Result "0-1"]
[WhiteElo "2006"]
[BlackElo "1782"]
[PlyCount "64"]
[EventDate "2012.08.08"]
[EventRounds "9"]
[EventCountry "BRA"]

1. e4 c5 2. Nf3 e6 3. d3 b6 4. Nbd2 Bb7 5. g3 d6 6. Bg2 Nd7 7. O-O Ngf6 8. h4
Be7 9. Nh2 Qc7 10. a3 Rc8 11. c3 O-O 12. Rb1 Rfd8 13. f4 Qb8 14. Qe2 Qa8 15.
Re1 a6 16. g4 Nf8 17. g5 N6d7 18. Ndf1 Re8 19. Ng3 d5 20. Nf3 dxe4 21. dxe4 b5
22. c4 b4 23. b3 a5 24. a4 Rcd8 $11 25. Bb2 Bd6 26. e5 Bc7 27. h5 Nb8 28. Rbd1
Nc6 29. Ne4 Nd7 30. Rd2 Ne7 31. Rxd7 Rxd7 32. Nxc5 Bb6 0-1